000 00574nam a2200181Ia 4500
003 GCL
008 140319s9999 xx 000 0 ara d
040 _aGCL /
_cGCL
082 0 4 _a814.008
_bا ع
100 1 _aانيس منصور
245 1 0 _aعندى كلام /
_cانيس منصور
260 _aالقاهرة :
_bنهضة مصر للطباعة والنشر والتوزيع ،
_c1996
300 _a254 ص ؛
_c20 سم
490 _aكتاب
_v0
650 0 4 _aالمقالات العربية
650 0 4 _aالادب العربى - مقالات
942 _2ddc
_cBK
999 _c41740
_d41740